[Event "Winnipeg TNT September op"]
[Site "Winnipeg CAN"]
[Date "2012.09.18"]
[Round "3"]
[White "Czarny, Keith"]
[Black "Cleto, Sam"]
[Result "0-1"]
[WhiteElo "1686"]
[BlackElo "1857"]
[PlyCount "107"]
[GameId "2160767909445368"]
[EventDate "2012.09.04"]
[EventType "swiss"]
[EventRounds "4"]
[EventCountry "CAN"]
[SourceTitle "EXT 2022"]
[Source "ChessBase"]
[SourceDate "2021.10.06"]
[SourceVersion "1"]
[SourceVersionDate "2021.10.06"]
[SourceQuality "1"]

1. g3 g6 2. Bg2 c6 3. c4 Bg7 4. Nc3 Nf6 5. Nf3 O-O 6. O-O d6 7. d4 Bf5 8. Qb3 Qc8 9. d5 Nbd7 10. dxc6 bxc6 11. Nd4 Nc5 12. Qa3 Bd7 13. b4 Nce4 14. Nxe4 Nxe4 15. Bb2 d5 16. cxd5 cxd5 17. Rac1 Qb7 18. Rc2 Rac8 19. Rfc1 Rxc2 20. Rxc2 Rb8 21. Nb3 Bxb2 22. Rxb2 Qxb4 23. Qxb4 Rxb4 24. Rc2 Rb7 25. f3 Nf6 26. e4 dxe4 27. fxe4 Ng4 28. h3 Ne3 29. Rc3 Nxg2 30. Kxg2 Be6 31. g4 Rb4 32. Kf3 Ra4 33. Rc2 Ra3 34. Rb2 a5 35. Kg2 a4 36. Nc1 Rc3 37. Rb1 Bxa2 38. Rb8+ Kg7 39. Nxa2 Rc2+ 40. Kf3 Rxa2 41. Ra8 a3 42. Kg3 Ra1 43. Kg2 a2 44. Ra6 e6 45. e5 g5 46. Kh2 Kg6 47. Kg2 f6 48. Kh2 fxe5 49. Rxe6+ Kf7 50. Ra6 e4 51. Ra4 e3 52. Re4 Rh1+ 53. Kxh1 a1=Q+ 54. Kg2 0-1

[Event "Winnipeg TNT September op"]
[Site "Winnipeg CAN"]
[Date "2012.09.18"]
[Round "3"]
[White "Le Dorze, Philippe"]
[Black "Mundwiler, Les"]
[Result "0-1"]
[WhiteElo "1677"]
[BlackElo "2041"]
[PlyCount "118"]
[GameId "2160767909445370"]
[EventDate "2012.09.04"]
[EventType "swiss"]
[EventRounds "4"]
[EventCountry "CAN"]
[SourceTitle "EXT 2022"]
[Source "ChessBase"]
[SourceDate "2021.10.06"]
[SourceVersion "1"]
[SourceVersionDate "2021.10.06"]
[SourceQuality "1"]

1. c4 Nf6 2. Nc3 d6 3. g3 Nbd7 4. Bg2 c6 5. d4 e5 6. d5 c5 7. f4 Be7 8. Nf3 exf4 9. Bxf4 Nh5 10. Bd2 O-O 11. O-O f5 12. e4 fxe4 13. Nxe4 Ndf6 14. Nfg5 Nxe4 15. Rxf8+ Qxf8 16. Bxe4 Nf6 17. Bd3 Ng4 18. Qe2 Bxg5 19. Bxg5 Ne5 20. Rf1 Qe8 21. Qe4 Qh5 22. Be7 Bh3 23. Rf4 Re8 24. Be2 Qh6 25. Rh4 Qc1+ 26. Kf2 Ng6 27. Rxh3 Rxe7 28. Qd3 Rf7+ 29. Kg2 Qxb2 30. Rh5 Re7 31. Kf2 Re5 32. Rxe5 Nxe5 33. Qf5 g6 34. Qc8+ Kg7 35. Qc7+ Nf7 36. Qa5 a6 37. a4 Qb4 38. Qc7 Qxa4 39. Qxb7 Qa2 40. Ke1 Qa1+ 41. Kd2 Kf6 42. Qb3 Ne5 43. h4 Qd4+ 44. Ke1 h5 45. Qa2 Qg1+ 46. Kd2 Qxg3 47. Qxa6 Kf5 48. Qc8+ Ke4 49. Qe6 Kd4 50. Qf6 Qe3+ 51. Kd1 Kc3 52. Ke1 Kc2 53. Kf1 Qh3+ 54. Kf2 Qh2+ 55. Ke1 Qg1+ 56. Bf1 Nd3+ 57. Ke2 Qh2+ 58. Ke3 Qd2+ 59. Kf3 Qf2+ 0-1

[Event "Winnipeg TNT September op"]
[Site "Winnipeg CAN"]
[Date "2012.09.18"]
[Round "3"]
[White "Leaden, Bruce"]
[Black "Rutter, Blair"]
[Result "0-1"]
[WhiteElo "1530"]
[BlackElo "1842"]
[PlyCount "56"]
[GameId "2160767909445371"]
[EventDate "2012.09.04"]
[EventType "swiss"]
[EventRounds "4"]
[EventCountry "CAN"]
[SourceTitle "EXT 2022"]
[Source "ChessBase"]
[SourceDate "2021.10.06"]
[SourceVersion "1"]
[SourceVersionDate "2021.10.06"]
[SourceQuality "1"]

1. e4 e6 2. d4 d5 3. Nc3 Nf6 4. e5 Nfd7 5. Bd3 c5 6. Bb5 Nc6 7. Bxc6 bxc6 8. Be3 cxd4 9. Qxd4 c5 10. Qa4 d4 11. Bxd4 cxd4 12. Qxd4 Bc5 13. Qe4 Ba6 14. O-O-O O-O 15. Qa4 Bc8 16. Ne4 Bb6 17. f4 Qe7 18. Nf3 Be3+ 19. Ned2 Nc5 20. Qa3 Bxf4 21. Kb1 Qc7 22. Nc4 Bb7 23. Rhe1 Bd5 24. Rd4 Bh6 25. Ne3 Bxe3 26. Rxe3 Rfc8 27. g3 Bxf3 28. Rxf3 Qxe5 0-1

[Event "Winnipeg TNT September op"]
[Site "Winnipeg CAN"]
[Date "2012.09.18"]
[Round "3"]
[White "Li, Kevin"]
[Black "Kaptsan, Aron"]
[Result "1/2-1/2"]
[WhiteElo "2213"]
[BlackElo "2068"]
[PlyCount "67"]
[GameId "2160767909445372"]
[EventDate "2012.09.04"]
[EventType "swiss"]
[EventRounds "4"]
[EventCountry "CAN"]
[SourceTitle "EXT 2022"]
[Source "ChessBase"]
[SourceDate "2021.10.06"]
[SourceVersion "1"]
[SourceVersionDate "2021.10.06"]
[SourceQuality "1"]

1. e4 e5 2. Nf3 Nc6 3. Bb5 a6 4. Bxc6 dxc6 5. d3 Bd6 6. h3 c5 7. Be3 f6 8. Nbd2 Be6 9. c3 Ne7 10. d4 cxd4 11. cxd4 Ng6 12. O-O O-O 13. dxe5 Nxe5 14. Nd4 Qd7 15. Nxe6 Qxe6 16. Qc2 Rfe8 17. b3 Rad8 18. Rad1 Nc6 19. f4 Nb4 20. Qb1 Bf8 21. f5 Qe7 22. Rc1 Nd3 23. Rc3 Ne5 24. Rfc1 c6 25. Nf1 Qd7 26. R3c2 Ba3 27. Re1 Bb4 28. Bd2 Qe7 29. Bxb4 Qxb4 30. Ng3 Rd3 31. Nh5 Red8 32. Rce2 Rd2 33. Nf4 Rxe2 34. Rxe2 1/2-1/2

[Event "Winnipeg TNT September op"]
[Site "Winnipeg CAN"]
[Date "2012.09.18"]
[Round "3"]
[White "Ma, Derek"]
[Black "Babb, Jeff"]
[Result "0-1"]
[WhiteElo "1723"]
[BlackElo "2218"]
[PlyCount "44"]
[GameId "2160767909445373"]
[EventDate "2012.09.04"]
[EventType "swiss"]
[EventRounds "4"]
[EventCountry "CAN"]
[SourceTitle "EXT 2022"]
[Source "ChessBase"]
[SourceDate "2021.10.06"]
[SourceVersion "1"]
[SourceVersionDate "2021.10.06"]
[SourceQuality "1"]

1. e4 e5 2. f4 exf4 3. Bc4 Be7 4. Qh5 Nh6 5. d4 d6 6. h3 Bh4+ 7. Kf1 Bg3 8. Ne2 Qf6 9. Qf3 Qh4 10. Bxf4 Bxf4 11. Nxf4 Nc6 12. c3 Be6 13. Nd5 O-O-O 14. g3 Bxh3+ 15. Kf2 Qg4 16. Nd2 Qxf3+ 17. Nxf3 Be6 18. b4 Ng4+ 19. Ke2 Nf6 20. b5 Na5 21. Kd3 Nxc4 22. Kxc4 Nxe4 0-1

[Event "Winnipeg TNT September op"]
[Site "Winnipeg CAN"]
[Date "2012.09.18"]
[Round "3"]
[White "Moncal, Nilo"]
[Black "Bince, Rolando"]
[Result "1-0"]
[WhiteElo "2082"]
[BlackElo "2030"]
[PlyCount "93"]
[GameId "2160767909445374"]
[EventDate "2012.09.04"]
[EventType "swiss"]
[EventRounds "4"]
[EventCountry "CAN"]
[SourceTitle "EXT 2022"]
[Source "ChessBase"]
[SourceDate "2021.10.06"]
[SourceVersion "1"]
[SourceVersionDate "2021.10.06"]
[SourceQuality "1"]

1. e4 c5 2. Nf3 d6 3. d4 cxd4 4. Nxd4 a6 5. Nc3 Nc6 6. Be3 Nf6 7. Qd2 e5 8. Nb3 b5 9. f3 Be6 10. g4 Be7 11. O-O-O Bxb3 12. axb3 Qa5 13. Nb1 Nb4 14. c3 Rc8 15. Re1 Qa1 16. Bd3 d5 17. g5 Nxd3+ 18. Qxd3 dxe4 19. fxe4 Rd8 20. Qc2 Ng4 21. Qe2 Nxe3 22. Qxe3 O-O 23. Kc2 Qa5 24. Nd2 Qc7 25. Nf3 Bc5 26. Qe2 f6 27. Rhf1 Be7 28. g6 h6 29. Nh4 Rd7 30. Nf5 Rfd8 31. Rd1 Bf8 32. Rxd7 Qxd7 33. Rd1 Qc7 34. Rxd8 Qxd8 35. Qd3 Qe8 36. Qd5+ Kh8 37. Nh4 Qc8 38. Qf7 Qd8 39. Kc1 Bc5 40. Nf5 Qf8 41. Qc7 b4 42. Kc2 h5 43. Qd7 Kg8 44. Qd5+ Kh8 45. Qd1 Be3 46. Nxe3 Qc5 47. Qd5 1-0

[Event "Winnipeg TNT September op"]
[Site "Winnipeg CAN"]
[Date "2012.09.18"]
[Round "3"]
[White "Wasserman, Leor"]
[Black "Boron, Anthony"]
[Result "0-1"]
[WhiteElo "1998"]
[BlackElo "2043"]
[PlyCount "106"]
[GameId "2160767909445375"]
[EventDate "2012.09.04"]
[EventType "swiss"]
[EventRounds "4"]
[EventCountry "CAN"]
[SourceTitle "EXT 2022"]
[Source "ChessBase"]
[SourceDate "2021.10.06"]
[SourceVersion "1"]
[SourceVersionDate "2021.10.06"]
[SourceQuality "1"]

1. e4 c6 2. d4 d5 3. Nc3 dxe4 4. Nxe4 Bf5 5. Ng3 Bg6 6. h4 h6 7. h5 Bh7 8. Nf3 Nd7 9. Bd3 Bxd3 10. Qxd3 Ngf6 11. Bf4 Qa5+ 12. c3 e6 13. Ne5 Rd8 14. Nc4 Qd5 15. Bc7 Rc8 16. Ne3 Qb5 17. Qxb5 cxb5 18. Be5 Nxe5 19. dxe5 Nd7 20. f4 Nc5 21. Ke2 Be7 22. Rhd1 O-O 23. f5 Bh4 24. Ngf1 Rfd8 25. Rd4 Rxd4 26. cxd4 Na4 27. fxe6 fxe6 28. b3 Nb6 29. Nd2 Bg5 30. Ne4 Bxe3 31. Kxe3 Nd5+ 32. Kf3 b6 33. Nd6 Rc3+ 34. Kf2 a6 35. Ne4 Rc2+ 36. Kf3 Rc8 37. Rf1 Rf8+ 38. Ke2 Nf4+ 39. Kd2 Nxh5 40. Rxf8+ Kxf8 41. Nd6 Nf4 42. g4 Nd5 43. a3 g6 44. Kd3 h5 45. gxh5 gxh5 46. Ne4 Ke7 47. Ng5 a5 48. Nf3 Kf7 49. Ke4 Kg6 50. Nh4+ Kg5 51. Nf5 Nc3+ 52. Kd3 Kxf5 53. Kxc3 h4 0-1

[Event "Winnipeg TNT September op"]
[Site "Winnipeg CAN"]
[Date "2012.09.18"]
[Round "3"]
[White "Wolchock, Theo"]
[Black "Pottinger, Carl"]
[Result "0-1"]
[WhiteElo "1685"]
[BlackElo "1827"]
[PlyCount "56"]
[GameId "2160767909445376"]
[EventDate "2012.09.04"]
[EventType "swiss"]
[EventRounds "4"]
[EventCountry "CAN"]
[SourceTitle "EXT 2022"]
[Source "ChessBase"]
[SourceDate "2021.10.06"]
[SourceVersion "1"]
[SourceVersionDate "2021.10.06"]
[SourceQuality "1"]

1. c4 c5 2. g3 g6 3. Bg2 Bg7 4. Nc3 Nc6 5. e3 e5 6. Nge2 Nge7 7. O-O O-O 8. a3 a5 9. Rb1 d6 10. d3 Be6 11. Qc2 Qd7 12. e4 f5 13. f4 fxe4 14. Nxe4 h6 15. fxe5 Rxf1+ 16. Bxf1 Nxe5 17. Bg2 Rf8 18. Bf4 g5 19. Bxe5 Bxe5 20. Rf1 Rxf1+ 21. Bxf1 Nf5 22. Qd2 b6 23. Bg2 d5 24. cxd5 Bxd5 25. N2c3 Bd4+ 26. Kh1 Bc6 27. Qe2 Kg7 28. Bh3 Nxg3+ 0-1

[Event "Winnipeg TNT September op"]
[Site "Winnipeg CAN"]
[Date "2012.09.25"]
[Round "4"]
[White "Babb, Jeff"]
[Black "Campbell, Jamie"]
[Result "1-0"]
[WhiteElo "2218"]
[BlackElo "1630"]
[PlyCount "169"]
[GameId "2160767909445377"]
[EventDate "2012.09.04"]
[EventType "swiss"]
[EventRounds "4"]
[EventCountry "CAN"]
[SourceTitle "EXT 2022"]
[Source "ChessBase"]
[SourceDate "2021.10.06"]
[SourceVersion "1"]
[SourceVersionDate "2021.10.06"]
[SourceQuality "1"]

1. f4 Nf6 2. Nf3 g6 3. b3 Bg7 4. Bb2 O-O 5. e3 d6 6. Be2 Nc6 7. O-O e5 8. fxe5 Ng4 9. Nc3 dxe5 10. Ne4 h6 11. h3 f5 12. Nc5 e4 13. Bc4+ Kh7 14. Bxg7 Kxg7 15. hxg4 exf3 16. gxf5 fxg2 17. Rf2 Rxf5 18. Rxf5 Bxf5 19. Qe2 b6 20. Nd3 Qf6 21. Rc1 Be4 22. Qf2 Rf8 23. Qxf6+ Rxf6 24. Nf4 h5 25. Nxg2 Bxg2 26. Kxg2 g5 27. Rh1 h4 28. Be2 a5 29. a3 Ne7 30. Bg4 Nc6 31. d4 Ne7 32. c4 Nf5 33. Re1 Ng3 34. Bf3 Kf7 35. b4 axb4 36. axb4 Ke7 37. c5 bxc5 38. bxc5 Ra6 39. Kh3 Ra3 40. Kg4 Kf6 41. e4 Ra4 42. Rd1 Rc4 43. c6 Rc3 44. Ra1 Kg6 45. Ra5 Rxc6 46. Rxg5+ Kf7 47. Kxh4 Nf1 48. Bh5+ Ke7 49. Rg7+ Kd8 50. Rg8+ Ke7 51. Re8+ Kd7 52. Rf8 Ne3 53. Be8+ Ke7 54. Bxc6 Kxf8 55. Ba4 Ke7 56. Bb3 Ng2+ 57. Kg3 Ne1 58. Kf4 Ng2+ 59. Ke5 Ne1 60. Kd5 Nf3 61. Ba4 Kd8 62. e5 Ke7 63. Ke4 Ng5+ 64. Kf5 Nf7 65. d5 Nd8 66. Ke4 Nf7 67. Kd4 Nd8 68. Bd1 Nb7 69. Bg4 Kd8 70. Kc4 Ke7 71. Kd4 Nd8 72. Bh5 Kd7 73. Bg6 Nb7 74. Bf5+ Kd8 75. Kc4 Na5+ 76. Kc5 Nb7+ 77. Kb5 Ke7 78. Kc6 Nd8+ 79. Kxc7 Nf7 80. d6+ Kf8 81. e6 Ne5 82. e7+ Ke8 83. Bc2 Kf7 84. Bb3+ Ke8 85. Ba4+ 1-0

[Event "Winnipeg TNT September op"]
[Site "Winnipeg CAN"]
[Date "2012.09.25"]
[Round "4"]
[White "Bince, Rolando"]
[Black "Mundwiler, Les"]
[Result "0-1"]
[WhiteElo "2030"]
[BlackElo "2041"]
[PlyCount "108"]
[GameId "2160767909445378"]
[EventDate "2012.09.04"]
[EventType "swiss"]
[EventRounds "4"]
[EventCountry "CAN"]
[SourceTitle "EXT 2022"]
[Source "ChessBase"]
[SourceDate "2021.10.06"]
[SourceVersion "1"]
[SourceVersionDate "2021.10.06"]
[SourceQuality "1"]

1. d4 Nf6 2. Nf3 d6 3. c4 Nbd7 4. Nc3 c6 5. e4 e5 6. d5 Qc7 7. Be2 h6 8. b4 a5 9. b5 cxd5 10. exd5 g6 11. a4 Bg7 12. Ra3 b6 13. O-O Nc5 14. Nd2 g5 15. Qc2 Bd7 16. Nb3 Nxb3 17. Rxb3 Bf8 18. Rd1 Be7 19. h3 g4 20. h4 Nh5 21. g3 O-O-O 22. Be3 f5 23. c5 bxc5 24. b6 Qb7 25. Kh2 Kb8 26. Bc4 f4 27. Bd2 Rhf8 28. Ne4 Bf5 29. Be1 fxg3+ 30. fxg3 Bd7 31. Re3 Rf3 32. Rxf3 gxf3 33. Bf2 Bc8 34. Qb3 Qd7 35. Bf1 Qg4 36. Qe3 Bg5 37. Nxg5 hxg5 38. Qxg5 Qxg5 39. hxg5 Kb7 40. Rb1 Bf5 41. Rb5 Ra8 42. Be1 Bc2 43. Bh3 Bxa4 44. Rxa5 Rxa5 45. Bxa5 e4 46. Bd2 Kxb6 47. Bg4 Ng7 48. Bc3 f2 49. Kg2 e3 50. Kf1 Nf5 51. Bxf5 Bb5+ 52. Kg2 f1=Q+ 53. Kh2 Qxf5 54. Bf6 e2 0-1

[Event "Winnipeg TNT September op"]
[Site "Winnipeg CAN"]
[Date "2012.09.25"]
[Round "4"]
[White "Boron, Anthony"]
[Black "Li, Kevin"]
[Result "0-1"]
[WhiteElo "2043"]
[BlackElo "2213"]
[PlyCount "72"]
[GameId "2160767909445379"]
[EventDate "2012.09.04"]
[EventType "swiss"]
[EventRounds "4"]
[EventCountry "CAN"]
[SourceTitle "EXT 2022"]
[Source "ChessBase"]
[SourceDate "2021.10.06"]
[SourceVersion "1"]
[SourceVersionDate "2021.10.06"]
[SourceQuality "1"]

1. e4 c5 2. c3 d5 3. exd5 Qxd5 4. d4 e6 5. Nf3 Nf6 6. a3 Nc6 7. Be3 cxd4 8. cxd4 Be7 9. Nc3 Qd8 10. Bd3 O-O 11. O-O a6 12. Rc1 b6 13. Qe2 Bb7 14. h3 h6 15. Rfe1 Bd6 16. Ne4 Nxe4 17. Bxe4 Qd7 18. Red1 Ne7 19. Ne5 Bxe5 20. dxe5 Nd5 21. Bxb6 Rfc8 22. Rxc8+ Rxc8 23. Be3 Qc7 24. Rc1 Qxe5 25. Rxc8+ Bxc8 26. Bxh6 f5 27. Qc2 Bb7 28. Qb3 Qxe4 29. Qxb7 gxh6 30. Qc8+ Kg7 31. Qd7+ Kf6 32. Qd8+ Kf7 33. Qb8 Nf4 34. Qc7+ Kg6 35. f3 Qe1+ 36. Kh2 Qd2 0-1

[Event "Winnipeg TNT September op"]
[Site "Winnipeg CAN"]
[Date "2012.09.25"]
[Round "4"]
[White "Kaptsan, Aron"]
[Black "Moncal, Nilo"]
[Result "1/2-1/2"]
[WhiteElo "2068"]
[BlackElo "2082"]
[PlyCount "129"]
[GameId "2160767909445380"]
[EventDate "2012.09.04"]
[EventType "swiss"]
[EventRounds "4"]
[EventCountry "CAN"]
[SourceTitle "EXT 2022"]
[Source "ChessBase"]
[SourceDate "2021.10.06"]
[SourceVersion "1"]
[SourceVersionDate "2021.10.06"]
[SourceQuality "1"]

1. d4 e6 2. c4 c5 3. d5 d6 4. Nc3 e5 5. e4 g6 6. Bd3 Bg7 7. f4 Ne7 8. fxe5 Bxe5 9. Nf3 Bg4 10. Qa4+ Qd7 11. Nxe5 dxe5 12. Qb3 f5 13. h3 Bh5 14. exf5 gxf5 15. O-O O-O 16. Bh6 Rf7 17. Rae1 e4 18. Be2 Bxe2 19. Nxe2 Ng6 20. Nf4 Nxf4 21. Bxf4 Na6 22. a3 Re8 23. Re3 Rg7 24. Qc3 Rg6 25. Be5 Rf8 26. Rg3 Qf7 27. Qe3 Nb8 28. Qf4 Nd7 29. Bd6 Re8 30. Qxf5 Qxf5 31. Rxf5 e3 32. Rxg6+ hxg6 33. Rf1 Re4 34. b3 a6 35. Rf4 Rd4 36. Rxd4 cxd4 37. Kf1 d3 38. Bf4 e2+ 39. Ke1 Kf7 40. Kd2 Nc5 41. b4 Ne4+ 42. Ke1 Ke7 43. c5 Kd7 44. Bd2 Nf6 45. d6 Kc6 46. a4 a5 47. Bc3 Nd7 48. Kd2 axb4 49. Bxb4 Ne5 50. Bc3 Nd7 51. Bb4 Ne5 52. h4 Kd5 53. g4 Kc4 54. Ba5 Kxc5 55. d7 Nxd7 56. Kxd3 Ne5+ 57. Kxe2 Nxg4 58. Kf3 Ne5+ 59. Kf4 Nf7 60. Bd2 Kd5 61. a5 Kc6 62. Ke4 Nd6+ 63. Kf4 Nf5 64. Kg5 Kb5 65. Be1 1/2-1/2

[Event "Winnipeg TNT September op"]
[Site "Winnipeg CAN"]
[Date "2012.09.25"]
[Round "4"]
[White "Pang, Michael"]
[Black "Swift, Ryne"]
[Result "1-0"]
[WhiteElo "1865"]
[BlackElo "1905"]
[PlyCount "83"]
[GameId "2160767909445381"]
[EventDate "2012.09.04"]
[EventType "swiss"]
[EventRounds "4"]
[EventCountry "CAN"]
[SourceTitle "EXT 2022"]
[Source "ChessBase"]
[SourceDate "2021.10.06"]
[SourceVersion "1"]
[SourceVersionDate "2021.10.06"]
[SourceQuality "1"]

1. e4 e5 2. Nf3 Nc6 3. Bb5 a6 4. Ba4 Nf6 5. O-O b5 6. Bb3 Be7 7. Re1 O-O 8. c3 d6 9. h3 Na5 10. Bc2 c5 11. d4 Qc7 12. d5 Ne8 13. a4 Qb8 14. b4 Nb7 15. Bd2 c4 16. Na3 Nd8 17. Qb1 g6 18. g4 Qb7 19. Kh2 Kh8 20. Rg1 f6 21. Rg3 Rf7 22. Qg1 Bf8 23. Nh4 Ng7 24. Qg2 Be7 25. Nf3 f5 26. gxf5 gxf5 27. exf5 Qxd5 28. Bh6 Bf6 29. Re1 Qb7 30. Rg1 d5 31. axb5 e4 32. Ng5 Re7 33. Bxg7+ Rxg7 34. Nxc4 Qb8 35. Kh1 Raa7 36. b6 Rae7 37. Ne3 Qb7 38. Bb3 h6 39. Bxd5 Qxb6 40. Nf7+ Rgxf7 41. Rg8+ Kh7 42. Qg6# 1-0

[Event "Winnipeg TNT September op"]
[Site "Winnipeg CAN"]
[Date "2012.09.25"]
[Round "4"]
[White "Pottinger, Carl"]
[Black "Leaden, Bruce"]
[Result "1-0"]
[WhiteElo "1827"]
[BlackElo "1530"]
[PlyCount "119"]
[GameId "2160767909445382"]
[EventDate "2012.09.04"]
[EventType "swiss"]
[EventRounds "4"]
[EventCountry "CAN"]
[SourceTitle "EXT 2022"]
[Source "ChessBase"]
[SourceDate "2021.10.06"]
[SourceVersion "1"]
[SourceVersionDate "2021.10.06"]
[SourceQuality "1"]

1. c4 c5 2. g3 g6 3. Bg2 Bg7 4. Nc3 Nc6 5. d3 e6 6. Nf3 Nge7 7. O-O O-O 8. a3 d5 9. Qc2 b6 10. Rb1 Rb8 11. cxd5 Nxd5 12. Nxd5 exd5 13. b4 Nd4 14. Nxd4 Bxd4 15. e3 Bg7 16. bxc5 Be6 17. cxb6 Rxb6 18. Bb2 Bxb2 19. Rxb2 Qd6 20. Rxb6 Qxb6 21. Rb1 Qa6 22. Ra1 Rc8 23. Qd2 Qa4 24. d4 Rc2 25. Qb4 Qc6 26. Rf1 Qc7 27. Qb5 Rc1 28. h3 Rxf1+ 29. Bxf1 Kg7 30. a4 Qd7 31. Qb3 h5 32. Kh2 Qc7 33. Bg2 h4 34. Qb2 hxg3+ 35. fxg3 Qc4 36. Qa3 a5 37. Bf3 Qb4 38. Qxb4 axb4 39. Bd1 Bc8 40. Kg2 f5 41. Bb3 Bb7 42. Kf3 Kf6 43. h4 Bc6 44. a5 Ba8 45. a6 Bc6 46. Kf2 g5 47. a7 Kg6 48. Ba4 Ba8 49. Be8+ Kh6 50. Ke2 gxh4 51. gxh4 Kg7 52. Kd2 Kf6 53. Kc2 Ke7 54. Bg6 Kf6 55. Bh5 f4 56. exf4 Kf5 57. Kb3 Kxf4 58. Bg6 Kg4 59. h5 Kg5 60. Kxb4 1-0

[Event "Winnipeg TNT September op"]
[Site "Winnipeg CAN"]
[Date "2012.09.25"]
[Round "4"]
[White "Reimer, Bruce"]
[Black "Baron, Cody"]
[Result "0-1"]
[WhiteElo "1586"]
[BlackElo "1714"]
[PlyCount "72"]
[GameId "2160767909445383"]
[EventDate "2012.09.04"]
[EventType "swiss"]
[EventRounds "4"]
[EventCountry "CAN"]
[SourceTitle "EXT 2022"]
[Source "ChessBase"]
[SourceDate "2021.10.06"]
[SourceVersion "1"]
[SourceVersionDate "2021.10.06"]
[SourceQuality "1"]

1. c4 c5 2. Nc3 Nc6 3. g3 g6 4. Bg2 Bg7 5. e3 e5 6. Nge2 Nge7 7. O-O O-O 8. a3 d6 9. Rb1 a5 10. Nd5 Nxd5 11. cxd5 Ne7 12. Nc3 f5 13. Nb5 Qb6 14. a4 Bd7 15. Qb3 Rac8 16. d3 Kh8 17. Bh3 e4 18. dxe4 c4 19. Qa3 Bxb5 20. axb5 Rc5 21. b4 axb4 22. Qxb4 fxe4 23. Be6 Qc7 24. Bb2 Nxd5 25. Bxg7+ Kxg7 26. Qb2+ c3 27. Qa1 Nf6 28. Rfc1 Qe7 29. Qa2 d5 30. Bh3 Qe5 31. Rb3 Rf7 32. b6 d4 33. exd4 Qxd4 34. Be6 Re7 35. Ra3 Qd2 36. Bh3 Qxc1+ 0-1

[Event "Winnipeg TNT September op"]
[Site "Winnipeg CAN"]
[Date "2012.09.25"]
[Round "4"]
[White "Rutter, Blair"]
[Black "Cleto, Sam"]
[Result "1-0"]
[WhiteElo "1842"]
[BlackElo "1857"]
[PlyCount "95"]
[GameId "2160767909445384"]
[EventDate "2012.09.04"]
[EventType "swiss"]
[EventRounds "4"]
[EventCountry "CAN"]
[SourceTitle "EXT 2022"]
[Source "ChessBase"]
[SourceDate "2021.10.06"]
[SourceVersion "1"]
[SourceVersionDate "2021.10.06"]
[SourceQuality "1"]

1. c4 g6 2. g3 Bg7 3. Bg2 Nf6 4. Nc3 c6 5. e4 d6 6. d3 Bg4 7. f3 Bc8 8. Nge2 Qb6 9. Na4 Qc7 10. Be3 Bd7 11. O-O O-O 12. Qd2 Qc8 13. Rab1 Nh5 14. Nac3 Bh3 15. b4 Bxg2 16. Kxg2 Nd7 17. f4 Nhf6 18. h3 Rd8 19. g4 a5 20. bxa5 Rxa5 21. Nd5 Nxd5 22. cxd5 Qa8 23. dxc6 bxc6 24. Nc1 d5 25. e5 d4 26. Bf2 Bxe5 27. fxe5 Nxe5 28. Kg3 f5 29. gxf5 gxf5 30. Qf4 Ng6 31. Qf3 Qc8 32. Kh2 Kh8 33. Rb2 Qc7+ 34. Kh1 Qd6 35. Nb3 Rd5 36. Re1 c5 37. Rbe2 e5 38. Nd2 e4 39. dxe4 Ne5 40. Qa3 fxe4 41. Nxe4 Qf8 42. Nd2 d3 43. Rxe5 Qxf2 44. Re8+ Kg7 45. R1e7+ Kh6 46. Qa6+ R8d6 47. Re6+ Kh5 48. Rxd6 1-0

[Event "Winnipeg TNT September op"]
[Site "Winnipeg CAN"]
[Date "2012.09.25"]
[Round "4"]
[White "Samson, Larry"]
[Black "Le Dorze, Philippe"]
[Result "0-1"]
[WhiteElo "1599"]
[BlackElo "1677"]
[PlyCount "118"]
[GameId "2160767909445385"]
[EventDate "2012.09.04"]
[EventType "swiss"]
[EventRounds "4"]
[EventCountry "CAN"]
[SourceTitle "EXT 2022"]
[Source "ChessBase"]
[SourceDate "2021.10.06"]
[SourceVersion "1"]
[SourceVersionDate "2021.10.06"]
[SourceQuality "1"]

1. e4 b6 2. d4 Bb7 3. Nc3 e6 4. Nf3 Nf6 5. Bd3 Nc6 6. a3 d5 7. e5 Nd7 8. O-O f6 9. Re1 Qe7 10. Qe2 f5 11. Na2 h6 12. c3 Na5 13. Nd2 c5 14. b4 Nc6 15. Nf3 c4 16. Bc2 b5 17. Nd2 Nb6 18. Qh5+ Qf7 19. Qxf7+ Kxf7 20. Nf1 a5 21. Bd2 Be7 22. Reb1 axb4 23. axb4 Ra3 24. Nc1 Rha8 25. Rxa3 Rxa3 26. f4 Na4 27. Bxa4 Rxa4 28. Ne3 g5 29. Nc2 gxf4 30. Bxf4 Bg5 31. Bxg5 hxg5 32. g3 Ne7 33. Ra1 Rxa1 34. Nxa1 Bc6 35. Nc2 Ng6 36. Ne2 f4 37. gxf4 Nxf4 38. Nxf4 gxf4 39. Kf2 Kg6 40. Ne1 Kf5 41. h3 Be8 42. Nc2 Ke4 43. Ne1 Bg6 44. h4 Bh5 45. Ng2 f3 46. Ne1 Bg4 47. Nc2 Kd3 48. Ne1+ Kxc3 49. Nxf3 Kb2 50. Ne1 c3 51. Kg3 Bh5 52. Kf4 c2 53. Nxc2 Kxc2 54. Kg5 Bf3 55. h5 Kd3 56. h6 Be4 57. Kf6 Bf5 58. Kg7 Kxd4 59. h7 Bxh7 0-1

[Event "Winnipeg TNT September op"]
[Site "Winnipeg CAN"]
[Date "2012.09.25"]
[Round "4"]
[White "Trueman, Francis"]
[Black "Towns, Barry"]
[Result "0-1"]
[WhiteElo "1498"]
[BlackElo "1674"]
[PlyCount "143"]
[GameId "2160767909445387"]
[EventDate "2012.09.04"]
[EventType "swiss"]
[EventRounds "4"]
[EventCountry "CAN"]
[SourceTitle "EXT 2022"]
[Source "ChessBase"]
[SourceDate "2021.10.06"]
[SourceVersion "1"]
[SourceVersionDate "2021.10.06"]
[SourceQuality "1"]

1. Nf3 Nf6 2. d3 d5 3. Nbd2 Nc6 4. g3 e5 5. e4 d4 6. Bg2 Bg4 7. O-O Be7 8. h3 Be6 9. Ng5 Bd7 10. Ngf3 h6 11. Nc4 Bd6 12. Nxd6+ cxd6 13. Qe2 Nh7 14. Nh4 Ne7 15. c4 Ng5 16. Kh2 Qc8 17. g4 Ne6 18. f4 exf4 19. Nf5 Nxf5 20. exf5 O-O 21. fxe6 fxe6 22. Rxf4 Qc7 23. Rxf8+ Rxf8 24. Bd2 b5 25. b3 bxc4 26. bxc4 Rb8 27. Rf1 Rb2 28. Qf2 Qc8 29. Qf7+ Kh8 30. Qf8+ Qxf8 31. Rxf8+ Kh7 32. Be4+ g6 33. Rf2 Rxa2 34. Kg3 Be8 35. Bb4 Ra6 36. Rf6 Rb6 37. Ba5 Ra6 38. Bc7 Bc6 39. Rxg6 Bxe4 40. Rxe6 Bxd3 41. c5 dxc5 42. Rxa6 Bxa6 43. Be5 d3 44. Bc3 Kg6 45. Kf4 c4 46. h4 Bc8 47. h5+ Kh7 48. Kg3 Kg8 49. Kf4 Kf7 50. Bd2 Ke6 51. Ke4 Kd6 52. Kf3 Ke5 53. Bc3+ Kd5 54. Kf4 Kc5 55. Kf3 Kb5 56. Kf4 a5 57. g5 Be6 58. gxh6 Bg8 59. Kg5 Ka4 60. Kg6 Kb3 61. Kg7 Kxc3 62. Kxg8 d2 63. h7 d1=Q 64. h8=Q+ Qd4 65. Qh7 Qd8+ 66. Kg7 Qd7+ 67. Kh6 Qxh7+ 68. Kxh7 Kb3 69. Kg7 c3 70. h6 c2 71. h7 c1=Q 72. h8=Q 0-1

[Event "Winnipeg TNT September op"]
[Site "Winnipeg CAN"]
[Date "2012.09.25"]
[Round "4"]
[White "Wolchock, Theo"]
[Black "Czarny, Keith"]
[Result "1-0"]
[WhiteElo "1685"]
[BlackElo "1686"]
[PlyCount "43"]
[GameId "2160767909445388"]
[EventDate "2012.09.04"]
[EventType "swiss"]
[EventRounds "4"]
[EventCountry "CAN"]
[SourceTitle "EXT 2022"]
[Source "ChessBase"]
[SourceDate "2021.10.06"]
[SourceVersion "1"]
[SourceVersionDate "2021.10.06"]
[SourceQuality "1"]

1. c4 f5 2. g3 Nf6 3. Bg2 g6 4. Nc3 Bg7 5. e3 O-O 6. Nge2 c6 7. O-O d5 8. cxd5 Nxd5 9. Nxd5 cxd5 10. d4 e6 11. Bd2 Bd7 12. Rc1 Nc6 13. a3 Rc8 14. Nf4 Rf7 15. Nd3 Qe7 16. Qc2 e5 17. dxe5 Be6 18. Bc3 Qd8 19. Nf4 Re7 20. Rfd1 Kh8 21. Nxe6 Rxe6 22. Bxd5 1-0